Länder, die auf -nien enden - Statistiken

Allgemein
  • Dieses Quiz wurde 50 mal gespielt
    48 seit der letzten Aktualisierung
  • Das Durchschnittsergebnis liegt bei 6 aus 11
Antwortstatistiken
Länder % Korrekt
Albanien
79%
Spanien
79%
Argentinien
67%
Slowenien
60%
Armenien
55%
Bosnien und Herzegowina
55%
Jordanien
52%
Nordmazedonien
52%
Mauretanien
48%
Rumänien
48%
Grossbritannien
12%
Keine übereinstimmenden Quizze gefunden
Verteilung der Resultate
Anzahl Personen mit jedem Resultat
Perzentil nach korrekt beantworteten Fragen
Ihre Resultats-Entwicklung
Sie haben dieses Quiz seit der letzten Aktualisierung nicht gespielt